EIGHT POETS WORDSWORTH COLERIDGE BYRON SHELLY KEATS TENNYSON BROWNING AND ARNOLD (Record no. 568092)
[ view plain ]
| 000 -LEADER | |
|---|---|
| fixed length control field | 00317nam a22001097a 4500 |
| 082 ## - DEWEY DECIMAL CLASSIFICATION NUMBER | |
| Classification number | 808.1 EIG'B |
| 100 ## - MAIN ENTRY--PERSONAL NAME | |
| Personal name | BRANDER, LAURANCE |
| 9 (RLIN) | 57841 |
| 245 ## - TITLE STATEMENT | |
| Title | EIGHT POETS WORDSWORTH COLERIDGE BYRON SHELLY KEATS TENNYSON BROWNING AND ARNOLD |
| 260 ## - PUBLICATION, DISTRIBUTION, ETC. | |
| Place of publication, distribution, etc. | KARACHI |
| Name of publisher, distributor, etc. | PAKISTAN BRANCH OXFORD |
| Date of publication, distribution, etc. | 1957 |
| 300 ## - PHYSICAL DESCRIPTION | |
| Extent | 216P |
| 942 ## - ADDED ENTRY ELEMENTS (KOHA) | |
| Koha item type | Book |
| Withdrawn status | Lost status | Damaged status | Not for loan | Permanent Location | Current Location | Shelving location | Date acquired | Total Checkouts | Full call number | Barcode | Date last seen | Price effective from | Koha item type |
|---|---|---|---|---|---|---|---|---|---|---|---|---|---|
| College of Electrical & Mechanical Engineering (CEME) | College of Electrical & Mechanical Engineering (CEME) | General Stacks | 07/14/2017 | 808.1 EIG'B | CEME-3727 | 06/28/2021 | 06/28/2021 | Book |
